<?xml version="1.0" encoding="UTF-8"?>
<collection xmlns="http://www.loc.gov/MARC21/slim">
    <record>
        <controlfield tag="001">98028</controlfield>
        <controlfield tag="005">20210118122902.0</controlfield>
        <datafield tag="037" ind1=" " ind2=" ">
            <subfield code="a">TAZ-TFG-2020-2697</subfield>
        </datafield>
        <datafield tag="041" ind1=" " ind2=" ">
            <subfield code="a">spa</subfield>
        </datafield>
        <datafield tag="100" ind1="1" ind2=" ">
            <subfield code="a">Civiac Garcés, Patricia</subfield>
        </datafield>
        <datafield tag="242" ind1="0" ind2="0">
            <subfield code="a">The Pygmalion effect: Teachers’ awareness of its importance and how it influences the students’ school performance.</subfield>
        </datafield>
        <datafield tag="245" ind1="0" ind2="0">
            <subfield code="a">El Efecto Pigmalión: Conciencia por parte del profesorado de su importancia y de cómo influye en el rendimiento escolar del alumnado.</subfield>
        </datafield>
        <datafield tag="260" ind1=" " ind2=" ">
            <subfield code="a">Zaragoza</subfield>
            <subfield code="b">Universidad de Zaragoza</subfield>
            <subfield code="c">2020</subfield>
        </datafield>
        <datafield tag="506" ind1=" " ind2=" ">
            <subfield code="a">by-nc-sa</subfield>
            <subfield code="b">Creative Commons</subfield>
            <subfield code="c">3.0</subfield>
            <subfield code="u">http://creativecommons.org/licenses/by-nc-sa/3.0/</subfield>
        </datafield>
        <datafield tag="520" ind1=" " ind2=" ">
            <subfield code="a">El Efecto Pigmalión o Profecía autocumplida tiene una gran relevancia en el mundo de la educación. Este efecto hace referencia a como las expectativas que tiene una persona sobre otra le pueden llegar a influir a ésta. Si lo trasladamos al mundo de la educación, las creencias que un docente puede tener sobre su alumnado pueden influir considerablemente en éstos y en su rendimiento. De esta manera podemos ver como la figura del docente es esencial para la formación del alumnado tanto como personas como en su rendimiento escolar. En este trabajo se quiere comprobar cómo de importante es este efecto en las aulas. Para ello primero se encuentra información acerca de qué es y de diferentes investigaciones que muestran la importancia y la determinación que tiene sobre el alumnado. Para conocer de primera mano si los docentes tienen conciencia sobre se ha realizado un cuestionario a 31 docentes que trabajan en diferentes centros educativos. En este cuestionario se quiere comprobar si son conocedores de la importancia que tiene en las aulas, así como si son conscientes de que sus expectativas y etiquetas sobre el alumnado afectan de manera determinante sobre ellos mismos.  &lt;br />&lt;br /></subfield>
        </datafield>
        <datafield tag="521" ind1=" " ind2=" ">
            <subfield code="a">Graduado en Magisterio en Educación Primaria</subfield>
        </datafield>
        <datafield tag="540" ind1=" " ind2=" ">
            <subfield code="a">Derechos regulados por licencia Creative Commons</subfield>
        </datafield>
        <datafield tag="700" ind1=" " ind2=" ">
            <subfield code="a">Benabarre Ciria, Sergio</subfield>
            <subfield code="e">dir.</subfield>
        </datafield>
        <datafield tag="710" ind1="2" ind2=" ">
            <subfield code="a">Universidad de Zaragoza</subfield>
            <subfield code="b">Psicología y Sociología</subfield>
            <subfield code="c">Psicología Evolutiva y de la Educación</subfield>
        </datafield>
        <datafield tag="856" ind1="0" ind2=" ">
            <subfield code="f">626473@unizar.es</subfield>
        </datafield>
        <datafield tag="856" ind1="4" ind2=" ">
            <subfield code="s">800242</subfield>
            <subfield code="u">http://zaguan.unizar.es/record/98028/files/TAZ-TFG-2020-2697.pdf</subfield>
            <subfield code="y">Memoria (spa)</subfield>
        </datafield>
        <datafield tag="909" ind1="C" ind2="O">
            <subfield code="o">oai:zaguan.unizar.es:98028</subfield>
            <subfield code="p">driver</subfield>
            <subfield code="p">trabajos-fin-grado</subfield>
        </datafield>
        <datafield tag="950" ind1=" " ind2=" ">
            <subfield code="a"></subfield>
        </datafield>
        <datafield tag="951" ind1=" " ind2=" ">
            <subfield code="a">deposita:2021-01-18</subfield>
        </datafield>
        <datafield tag="980" ind1=" " ind2=" ">
            <subfield code="a">TAZ</subfield>
            <subfield code="b">TFG</subfield>
            <subfield code="c">FCHE</subfield>
        </datafield>
        <datafield tag="999" ind1=" " ind2=" ">
            <subfield code="a">20200629190013.CREATION_DATE</subfield>
        </datafield>
    </record>

    
</collection>